000 01324cad a22002415a 4500
001 E146472
008 090123s2009 xxk f s000 0 eng d
020 _a9780755973996
035 _a(Sirsi) u146472
041 0 _aeng
050 0 4 _a333.9164 $2 18
110 2 _aFrontline Consultants
_95690
245 0 0 _aAnalysis of responses to the public consultation on the Scottish Marine Bill
_h[electronic resource]
260 _aEdinburgh
_bScottish Government Social Research
_c2009
505 2 _aExecutive summary -- Introduction -- Mehtodology -- Sources of responses -- Setting the scene -- Marine planning and integrated coastal zone management -- Licensing and enforcement -- Nature conservation -- Science and data -- Marine Scotland -- Sectoral analysis -- Campaign responses -- Conclusions -- Annex 1: glossary of terms -- Annex 2: respondents
520 _aSets out responses to the Scottish Government's consultation on the Scottish Marine Bill (see E144575 for the original consultation document).
521 _aAdvanced
590 _aKA
651 4 _aScotland
_y1999-
690 _aPROPERTY-RURAL AND NATURAL ASSETS-MARINE RESOURCES-MARINE RESOURCE MANAGEMENT
856 4 0 _uhttps://www.scotland.gov.uk/Publications/2009/01/22160605/0
_zView the report free of charge at www.scotland.gov.uk...
942 _n0
999 _c109190
_d109190